[Event "Rome op"]
[Site "Rome"]
[Date "1990.??.??"]
[Round "7"]
[White "Aleksic, Nenad"]
[Black "Grosar, Aljosa"]
[Result "1/2-1/2"]
[WhiteElo "2415"]
[BlackElo "2345"]

1.e4 c5 2.Nf3 d6 3.d4 cxd4 4.Nxd4 Nf6 5.Nc3 Nc6 6.Bg5 e6 7.Qd3 a6 8.O-O-O Bd7
9.f4 b5 10.Be2 b4 11.Nb1 Qa5 12.Nb3 Qxa2 13.e5 Nd5 14.Bf3 Nb6 15.exd6  1/2-1/2

[Event "Santa Clara"]
[Site "Santa Clara"]
[Date "1990.??.??"]
[Round "10"]
[White "Martin del Campo, Jorge"]
[Black "Vera, Reynaldo"]
[Result "1/2-1/2"]
[WhiteElo "2465"]
[BlackElo "2475"]

1.e4 c5 2.Nf3 d6 3.d4 cxd4 4.Nxd4 Nf6 5.Nc3 Nc6 6.Bg5 e6 7.Qd2 a6 8.O-O-O h6
9.Be3 Be7 10.f3 Nxd4 11.Bxd4 b5 12.g4 Qa5 13.a3 e5 14.Be3 Be6 15.Nd5 Qxd2+
16.Rxd2 Bxd5 17.exd5 Nd7 18.h4 Bd8 19.f4 f6 20.Rh3 Bb6 21.Bd3 Ke7 22.Bf5 Bxe3
23.Rxe3 Rac8 24.Bxd7 Kxd7 25.fxe5 fxe5  1/2-1/2

[Event "Wch U20"]
[Site "Santiago"]
[Date "1990.??.??"]
[Round "5"]
[White "Comas Fabrego, Luis"]
[Black "Sherzer, Alex"]
[Result "1/2-1/2"]
[WhiteElo "2350"]
[BlackElo "2440"]

1.e4 c5 2.Nf3 d6 3.d4 cxd4 4.Nxd4 Nf6 5.Nc3 Nc6 6.Bg5 Bd7 7.Bxf6 gxf6 8.Be2 Rg8
9.g3 Nxd4 10.Qxd4 Qa5 11.O-O f5 12.b4 Qe5 13.Qxe5 dxe5 14.exf5 Rc8 15.Nd5 Bxf5
16.c4 Rg6 17.c5 Bh6 18.Ne3 Be4 19.Nc4 Re6 20.Rfe1 Bf5 21.Ne3 Bxe3 22.Bb5+ Kd8
23.Rxe3 e4 24.Rd1+ Kc7 25.Bc4 Rf6 26.f3 b6 27.fxe4 Bg4 28.Rc1 Kb8 29.e5 Rfc6
30.Rec3 f6 31.Bd5 R6c7 32.exf6 exf6 33.Bg2 Re7 34.h3 Bf5 35.g4 Be6 36.Re3 Ree8
37.Rce1 Bd7 38.Rxe8 Rxe8 39.Rd1 Kc7 40.Kf2 bxc5 41.bxc5 Re5 42.Rc1 h6 43.Rc3 f5
44.Bf3 fxg4 45.hxg4 Rg5 46.Rc4 Bb5 47.Rc3 Bd7 48.Ra3 Bxg4 49.Rxa7+ Kb8 50.Ra8+ Kc7
51.Bxg4 Rxg4 52.Ke3 Rc4 53.Rh8  1/2-1/2

[Event "Wch U20"]
[Site "Santiago"]
[Date "1990.??.??"]
[Round "9"]
[White "Borriss, Martin"]
[Black "Sherzer, Alex"]
[Result "1/2-1/2"]
[WhiteElo "2270"]
[BlackElo "2440"]

1.e4 c5 2.Nf3 d6 3.d4 cxd4 4.Nxd4 Nf6 5.Nc3 Nc6 6.Bg5 Bd7 7.Be2 Qa5 8.Bxf6 gxf6
9.O-O Rg8 10.Nd5 Bh3 11.Bf3 Ne5 12.Ne3 Bh6 13.Ndf5 Bxe3 14.Nxe3 O-O-O 15.Kh1 Bd7
16.Nd5 Rde8 17.a4 f5 18.b4 Qd8 19.exf5 Bxf5 20.a5 Kb8 21.a6 Qc8 22.axb7 Qxb7
23.Ra5 Nxf3 24.Qxf3 e6 25.Rfa1 exd5 26.Qxf5 Qxb4 27.g3 Re1+ 28.Kg2 Rxa1 29.Rxa1 Qe4+
30.Qf3 Rc8 31.Rb1+ Ka8 32.Rd1 Rxc2 33.Rxd5 Qxf3+ 34.Kxf3 Rc6 35.Rh5 Rc7 36.Rxh7 a5
37.Rh4 Ra7 38.Ra4 Kb7 39.h4 Kc6 40.h5 Kb5 41.Ra1 a4 42.g4 a3 43.Ke4 Kc4 44.h6 Ra8
45.g5 Kb3 46.f4 Kb2 47.Rh1 a2 48.f5 Ra4+ 49.Kd5 Rh4 50.Rd1 Rh5 51.Kxd6 Rxg5
52.f6 Rg6 53.Ke7  1/2-1/2

[Event "Wch U20"]
[Site "Santiago"]
[Date "1990.??.??"]
[Round "13"]
[White "Gurevich, Ilya"]
[Black "Hernandez, Gilberto"]
[Result "1/2-1/2"]
[WhiteElo "2410"]
[BlackElo "2395"]

1.e4 c5 2.Nf3 d6 3.d4 cxd4 4.Nxd4 Nf6 5.Nc3 Nc6 6.Bg5 e6 7.Qd2 Be7 8.O-O-O O-O
9.Nb3 a6 10.Bxf6 gxf6 11.Qh6 Kh8 12.Qh5  1/2-1/2

[Event "St Ingbert op"]
[Site "St Ingbert"]
[Date "1990.??.??"]
[Round "3"]
[White "Waldmann, Hans Joachim"]
[Black "Mueller, W."]
[Result "1-0"]
[WhiteElo "2310"]
[BlackElo "2215"]

1.e4 c5 2.Nf3 d6 3.d4 cxd4 4.Nxd4 Nf6 5.Nc3 Nc6 6.Bg5 e6 7.g3 h6 8.Be3 e5
9.Nb3 Be7 10.h3 Be6 11.Bg2 a6 12.Nd5 Bxd5 13.exd5 Na5 14.Nxa5 Qxa5+ 15.Qd2 Qc7
16.a4 Rc8 17.c3 Qc4 18.a5 O-O 19.Qe2 Nd7 20.Qxc4 Rxc4 21.Bf1 Rc7 22.g4 Bg5
23.Be2 Nf6 24.c4 Ne4 25.Rg1 Rfc8 26.Ra3 g6 27.Bd3 Bxe3 28.fxe3 Nc5 29.Be2 e4
30.Kd2 Nd7 31.Rf1 Ne5 32.b3 Re7 33.Ra2 Kg7 34.Rc2 Nd7 35.b4 b5 36.cxb5 Rxc2+
37.Kxc2 axb5 38.Bxb5 Nf6 39.Bc6 Re5 40.Rd1 h5 41.a6 hxg4 42.a7  1-0

[Event "Tatran Cup"]
[Site "Stary Smokovec"]
[Date "1990.??.??"]
[Round "11"]
[White "Pavlovic, Milos"]
[Black "Hracek, Zbynek"]
[Result "1-0"]
[WhiteElo "2465"]
[BlackElo "2475"]

1.e4 c5 2.Nf3 d6 3.d4 cxd4 4.Nxd4 Nf6 5.Nc3 Nc6 6.Bg5 e6 7.Qd2 a6 8.O-O-O h6
9.Be3 Nxd4 10.Bxd4 b5 11.Qe3 e5 12.Bc5 Qc7 13.Ba3 Rb8 14.Bb4 Bd7 15.Qd2 a5
16.Bxd6 Bxd6 17.Qxd6 Qxd6 18.Rxd6 b4 19.Nd1 Ke7 20.Ra6 Nxe4 21.Rxa5 f6 22.Bd3 Nd6
23.Ne3 Bc6 24.Rd1 Ra8 25.Rc5 Rhc8 26.Nf5+ Nxf5 27.Bxf5 Rc7 28.Be4 Rac8 29.Rxc6 Rxc6
30.Bxc6 Rxc6 31.Rd3 Ke6 32.Rg3 g5 33.a3 bxa3 34.Rxa3 e4 35.Rh3 Ke5 36.Rxh6 Ra6
37.Rh3 f5 38.g3 f4 39.gxf4+ gxf4 40.Rh5+ Kd4 41.Rf5 f3 42.Kd2 Rd6 43.c3+ Kc4+
44.Kc2 Rb6 45.Re5  1-0

[Event "Rilton Cup"]
[Site "Stockholm"]
[Date "1990.??.??"]
[Round "5"]
[White "Hellers, Ferdinand"]
[Black "Weindl, Alfred"]
[Result "1-0"]
[WhiteElo "2520"]
[BlackElo "2380"]

1.e4 c5 2.Nf3 Nc6 3.d4 cxd4 4.Nxd4 Nf6 5.Nc3 d6 6.Bg5 Bd7 7.Qd2 Rc8 8.f4 Nxd4
9.Qxd4 Qa5 10.e5 dxe5 11.fxe5 e6 12.O-O-O Rxc3 13.Bd2 Qxa2 14.Bxc3 g6 15.b4 Nd5
16.Bc4 Bh6+ 17.Rd2 Qa3+ 18.Bb2 Qxb4 19.Bxd5 Qxd2+ 20.Qxd2 Bxd2+ 21.Kxd2 exd5
22.e6 Rf8 23.exd7+ Kxd7 24.Bd4 a6 25.Rb1 Kc7 26.Rb6 f5 27.Bc5 Re8 28.Rf6 Re4
29.Kd3 Kd7 30.Rf7+ Kc6 31.Bf2 Rf4 32.Bg3 Rg4 33.Rc7+ Kb6 34.Rxh7 a5 35.Bf2+ Kc6
36.g3 Re4 37.Rg7 Re6 38.Bd4 b6 39.h3 a4 40.g4 fxg4 41.hxg4 Kb5 42.g5  1-0

[Event "Ticino op"]
[Site "Ticino"]
[Date "1990.??.??"]
[Round "?"]
[White "Gallagher, Joseph G"]
[Black "Mantovani, Renzo"]
[Result "1-0"]
[WhiteElo "2470"]
[BlackElo "2365"]

1.e4 c5 2.Nf3 Nc6 3.d4 cxd4 4.Nxd4 Nf6 5.Nc3 d6 6.Bg5 e6 7.Qd3 Nxd4 8.Qxd4 Be7
9.O-O-O O-O 10.Be2 Nxe4 11.Nxe4 Bxg5+ 12.Nxg5 Qxg5+ 13.f4 Qa5 14.Kb1 d5 15.Rd3 Bd7
16.Rg3 f6 17.Ra3 Qc7 18.Rxa7 Rxa7 19.Qxa7 e5 20.Bf3 e4 21.Be2 Rc8 22.Rc1 Qxf4
23.Qxb7 Be6 24.g3 Qe5 25.c3 h6 26.Qb6 Rb8 27.Qe3 g5 28.h4 Rb7 29.hxg5 hxg5
30.a4 Qb8 31.Bb5 Kg7 32.b4 Qe5 33.Rd1 Bf7 34.Kb2 Kg6 35.Ka3 Rc7 36.Kb2 f5
37.a5 Rb7 38.Qc5 Rc7 39.Qb6+ Be6 40.Qe3 f4 41.gxf4 gxf4 42.Rg1+ Kf7 43.Rf1 Ke7
44.Rxf4 d4 45.Rxe4 Qxb5 46.Rxe6+ Kf7 47.Qe4 dxc3+ 48.Kb3 Qh5 49.Re5 Qd1+
50.Qc2 Qd6 51.Qh7+ Kf6 52.Rf5+  1-0

[Event "Tuzla"]
[Site "Tuzla"]
[Date "1990.??.??"]
[Round "8"]
[White "Rosic, Slavko"]
[Black "Lisenko, Alexander V"]
[Result "0-1"]
[WhiteElo "2260"]
[BlackElo "2360"]

1.e4 c5 2.Nf3 Nc6 3.d4 cxd4 4.Nxd4 Nf6 5.Nc3 d6 6.Bg5 e6 7.Qd2 Be7 8.O-O-O Nxd4
9.Qxd4 O-O 10.e5 dxe5 11.Qxe5 Qe8 12.h4 Bd7 13.Bd3 Bc6 14.f3 Nd7 15.Qe3 Nc5
16.Bxe7 Qxe7 17.Be4 Nxe4 18.Nxe4 b6 19.g3 Rad8 20.Rxd8 Rxd8 21.Re1 Qb4 22.a3 Qd4
23.Nd2 Qd5 24.Qc3 h6 25.Re3 Rc8 26.Kb1 Bb7 27.Qd3 Rd8 28.Qxd5 Rxd5 29.Kc1 g5
30.hxg5 hxg5 31.c4 Rd6 32.b4 f5 33.Kc2 Kf7 34.Kc3 Ke7 35.f4 Kf6 36.Nb3 gxf4
37.gxf4 Rd1 38.Nd4 Be4 39.Rh3 e5 40.fxe5+ Kxe5 41.Ne2 f4 42.Nxf4 Kxf4 43.b5 Ke5
44.Rh8 Rc1+ 45.Kb4 Bf5 46.a4 Be6 47.Rh4 Rd1 48.Kc3 Bf7 49.Rg4 Kd6 50.Kb4 Rb1+
51.Kc3 Be6 52.Rh4 Rg1 53.Rh7 Bd7 54.a5 Rc1+ 55.Kd4 Rg1 56.Kc3 Ra1 57.Kd4 Rb1
58.Kc3 Rc1+ 59.Kd4 Rf1 60.Kc3 Ra1 61.Kb4 Kc7 62.axb6+ axb6 63.Rh6 Re1 64.Rh4 Kd6
65.Rd4+ Ke7 66.Rh4 Rb1+ 67.Kc3 Rc1+ 68.Kb4 Be6 69.Rd4 Rg1 70.Rh4 Kd6 71.Rd4+ Ke5
72.Rh4 Rb1+ 73.Kc3 Rd1 74.Rh5+ Kd6 75.Rh6 Rg1 76.Kd4 Rg4+ 77.Kd3 Rf4 78.Rg6 Rh4  0-1

[Event "USA op"]
[Site "USA"]
[Date "1990.??.??"]
[Round "?"]
[White "Timoshenko, Georgy"]
[Black "Masculo, Jose"]
[Result "1/2-1/2"]
[WhiteElo "2540"]
[BlackElo "2225"]

1.e4 c5 2.Nf3 d6 3.d4 cxd4 4.Nxd4 Nf6 5.Nc3 Nc6 6.Bg5 e6 7.Qd2 a6 8.O-O-O Bd7
9.f4 b5 10.Bxf6 gxf6 11.f5 Qb6 12.Nce2 Qa5 13.Qxa5 Nxa5 14.fxe6 fxe6 15.b3 Rc8
16.g3 Nc6 17.Bh3 Nxd4 18.Nxd4 Ke7 19.Kb1 h5 20.Ne2 Rc5 21.Nf4 Rg5 22.Rd3 h4
23.Rhd1 Kf7 24.Rc3 hxg3 25.hxg3 Re5 26.Rc7 Ke8 27.Ng6 Rxh3 28.Nxf8 Kxf8 29.Rxd7 d5
30.exd5 Rxd5 31.R1xd5 exd5 32.Rxd5 Ke7 33.Rd3 Ke6 34.Kb2 Ke5 35.b4 f5 36.a4 Rh6
37.Rc3 Ke4 38.axb5 axb5 39.Rc5 Rg6 40.Rxb5 Rxg3 41.Rb8 f4 42.Re8+ Kd4 43.c3+ Kd3
44.Rf8 f3 45.Kb3 Ke2 46.Re8+ Kd3 47.Rf8  1/2-1/2

[Event "Val Maubuee op"]
[Site "Val Maubuee"]
[Date "1990.??.??"]
[Round "?"]
[White "Boudre, Jean Pierre"]
[Black "Bernard, Christophe"]
[Result "1-0"]
[WhiteElo "2355"]
[BlackElo "2340"]

1.e4 c5 2.Nf3 d6 3.d4 cxd4 4.Nxd4 Nf6 5.Nc3 Nc6 6.Bg5 e6 7.Qd2 Be7 8.O-O-O O-O
9.Nb3 Qb6 10.f3 Rd8 11.Be3 Qc7 12.Qf2 d5 13.exd5 Nxd5 14.Nxd5 Rxd5 15.Rxd5 exd5
16.g4 Bd7 17.Kb1 Re8 18.Bd3 b6 19.Rd1 Nb4 20.a3 Nxd3 21.Rxd3 Bd6 22.h3 Bg3
23.Qd2 Bb5 24.Rxd5 Bc6 25.Rd3 g6 26.Nd4 Bb7 27.Bh6 Ba6 28.Re3 Rxe3 29.Qxe3 Qd7
30.f4 f6 31.c3 Bh4 32.b3 Bb7 33.Kb2 Bd5 34.f5 a6 35.c4 Bf7 36.Kc3 g5 37.Qe4 Bg3
38.Qa8+ Qe8 39.Qxe8+ Bxe8 40.Kd3 Bd6 41.b4 Bd7 42.Ke4 Be5 43.Bxg5 Bxd4 44.Kxd4 fxg5
45.Kd5 h5 46.Kd6 hxg4 47.hxg4 Ba4 48.Ke7 Bb3 49.c5 bxc5 50.bxc5 Bd5 51.f6 a5
52.c6  1-0

[Event "Vienna op"]
[Site "Vienna"]
[Date "1990.??.??"]
[Round "9"]
[White "Schuh, Franz"]
[Black "Sjoberg, Mats"]
[Result "1-0"]
[WhiteElo "2290"]
[BlackElo "2365"]

1.e4 c5 2.Nf3 Nc6 3.d4 cxd4 4.Nxd4 Nf6 5.Nc3 d6 6.Bg5 e6 7.Qd2 a6 8.O-O-O h6
9.Bxf6 Qxf6 10.Nb3 Qd8 11.f4 Be7 12.Kb1 b5 13.Nd4 Bb7 14.f5 Nxd4 15.Qxd4 O-O
16.h4 Rc8 17.Rh3 Rc5 18.a3 Qc7 19.g4 Bf6 20.Qxd6 Bxc3 21.Rxc3 Rxc3 22.bxc3 Qxc3
23.Bd3 Qc8 24.g5 Rd8 25.Qf4 h5 26.g6 fxg6 27.fxg6 Rd7 28.Qe5 Kf8 29.Rf1+ Ke8
30.Qxe6+ Re7 31.Qd6 Qe6 32.Qb8+ Qc8 33.Qf4 Qe6 34.e5 Qxe5 35.Qf8+ Kd7 36.Qf5+ Qxf5
37.Rxf5 Kd6 38.Rxh5 Bd5 39.Kb2 Re5 40.Rh7 Re7 41.Kc3 a5 42.Kd4 Bg8 43.Rh8 Re8
44.Be4  1-0

[Event "Vladivostok op"]
[Site "Vladivostok"]
[Date "1990.??.??"]
[Round "?"]
[White "Ivanov, Timur"]
[Black "Soloviov, Sergei"]
[Result "1/2-1/2"]
[WhiteElo "2305"]
[BlackElo "2370"]

1.e4 c5 2.Nf3 Nc6 3.d4 cxd4 4.Nxd4 Nf6 5.Nc3 d6 6.Bg5 e6 7.Qd2 a6 8.O-O-O h6
9.Bf4 Bd7 10.Nxc6 Bxc6 11.Qe2 Qa5 12.Bxd6 Bxd6 13.Rxd6 Qb4 14.Rd2 Nxe4 15.Nxe4 Qxe4
16.Qxe4 Bxe4  1/2-1/2

[Event "Vladivostok op"]
[Site "Vladivostok"]
[Date "1990.??.??"]
[Round "?"]
[White "Ivanov, Timur"]
[Black "Khasin, Alexander"]
[Result "0-1"]
[WhiteElo "2305"]
[BlackElo "2475"]

1.e4 c5 2.Nf3 Nc6 3.d4 cxd4 4.Nxd4 Nf6 5.Nc3 d6 6.Bg5 e6 7.Qd2 a6 8.O-O-O h6
9.Bf4 Bd7 10.Nxc6 Bxc6 11.Qe2 Qc7 12.e5 dxe5 13.Bxe5 Qa5 14.Rg1 Ne4 15.f4 Nxc3
16.Bxc3 Qxa2 17.Qe5 Qa1+ 18.Kd2 O-O-O+ 19.Bd3 Qa4 20.Kc1 Rd5 21.Qe2 Bb4 22.Bxb4 Qxb4
23.Bc4 Ra5 24.c3 Ra1+ 25.Kc2 Qa4+ 26.Bb3 Qe4+ 27.Qxe4 Bxe4+ 28.Kd2 Rd8+ 29.Ke2 Rdxd1
30.Bxd1  0-1

[Event "Vrnjacka Banja"]
[Site "Vrnjacka Banja"]
[Date "1990.??.??"]
[Round "12"]
[White "Pavlovic, Milos"]
[Black "Kaminski, Uwe"]
[Result "1/2-1/2"]
[WhiteElo "2420"]
[BlackElo "2410"]

1.e4 c5 2.Nf3 d6 3.d4 cxd4 4.Nxd4 Nf6 5.Nc3 Nc6 6.Bg5 e6 7.Qd2 a6 8.O-O-O Bd7
9.f4 Be7 10.Nf3 b5 11.Bxf6 gxf6 12.Bd3 Qb6 13.Rhe1 Qa7 14.Kb1 h5 15.Re3 Rb8
16.Rf1 Rb7 17.Nd5 Bd8 18.Nc3 Bb6 19.Ree1 Ba5 20.e5 d5 21.f5 b4 22.Nxd5 exd5
23.e6 Bc8 24.exf7+ Kxf7 25.Ng5+ Kf8 26.Ne6+ Ke8 27.b3 Re7 28.Qf4 Qb8 29.Qh4 Rh6
30.g4 Bxe6 31.fxe6 Qd6 32.Rxf6 Rxf6 33.Qxf6 Bb6 34.gxh5 Kd8 35.h6 Bd4 36.Qf8+ Kc7
37.h7 Rxe6 38.Qf1 Rxe1+ 39.Qxe1 Qe5 40.Qf1 Ba1 41.Kc1 Bb2+ 42.Kd1 Bc3 43.Bxa6 Kd6
44.Bd3 Qf6 45.Qh3 Ne5 46.Bf5 Nf7 47.Bd3 Ng5 48.Qg3+ Kc6 49.h8=Q  1/2-1/2

[Event "Hoogovens-B"]
[Site "Wijk aan Zee"]
[Date "1990.??.??"]
[Round "6"]
[White "Hellers, Ferdinand"]
[Black "Fedorowicz, John P"]
[Result "1/2-1/2"]
[WhiteElo "2525"]
[BlackElo "2560"]

1.e4 c5 2.Nf3 d6 3.d4 cxd4 4.Nxd4 Nf6 5.Nc3 Nc6 6.Bg5 e6 7.Qd2 a6 8.O-O-O h6
9.Be3 Nxd4 10.Bxd4 b5 11.f4 Bb7 12.Bd3 b4 13.Bxf6 gxf6 14.Ne2 Qb6 15.Kb1 h5
16.Rhe1 Rc8 17.c3 d5 18.exd5 Bxd5 19.c4 Bc6 20.Ng3 Be7 21.Qe2 Qc5 22.f5 h4
23.Ne4 Bxe4 24.Bxe4 e5 25.Bd5 Kf8 26.Rd3 a5 27.Red1 a4 28.Rh3 a3 29.Qe1 Bd6
30.Rxh4 Ke7 31.g4  1/2-1/2

[Event "FRG-ch qual Nord"]
[Site "Wittlich"]
[Date "1990.??.??"]
[Round "?"]
[White "Joecks, Christian"]
[Black "Sawadkuhi, Massoud Amir"]
[Result "0-1"]
[WhiteElo "2295"]
[BlackElo "2220"]

1.e4 c5 2.Nf3 d6 3.d4 cxd4 4.Nxd4 Nf6 5.Nc3 Nc6 6.Bg5 Qa5 7.Bxf6 gxf6 8.Nb3 Qb6
9.Nd5 Qd8 10.Qd2 f5 11.exf5 Bxf5 12.O-O-O Bg7 13.Bd3 Bxd3 14.Qxd3 O-O 15.f4 e6
16.Nc3 d5 17.Kb1 Rc8 18.Qh3 Na5 19.Rd3 Nc4 20.f5 Qf6 21.Nd4 Nxb2 22.Kxb2 Rc4
23.Rhd1 Rfc8 24.fxe6 fxe6 25.Kb1 Rb4+ 26.Nb3 Rh4 27.Qe3 Re4 28.Qxa7 Rxc3
29.Qb8+ Kf7 30.Qxb7+ Kg6 31.R3d2 Rc7  0-1

[Event "Xanthi"]
[Site "Xanthi"]
[Date "1990.??.??"]
[Round "9"]
[White "Pandavos, Panayotis"]
[Black "Radulov, Ivan"]
[Result "1/2-1/2"]
[WhiteElo "2315"]
[BlackElo "2425"]

1.e4 c5 2.Nf3 Nc6 3.d4 cxd4 4.Nxd4 Nf6 5.Nc3 d6 6.Bg5 e6 7.Qd2 a6 8.O-O-O h6
9.Bh4 Nxe4 10.Qf4 Ng5 11.Qe3 Be7 12.Nxc6 bxc6 13.f4 Nh7 14.Bxe7 Qxe7 15.Qd4 Nf6  1/2-1/2

[Event "Anapa"]
[Site "Anapa"]
[Date "1991.??.??"]
[Round "?"]
[White "Savon, Vladimir A"]
[Black "Ruban, Vadim"]
[Result "0-1"]
[WhiteElo "2460"]
[BlackElo "2575"]

1.e4 c5 2.Nf3 d6 3.d4 cxd4 4.Nxd4 Nf6 5.Nc3 Nc6 6.Bg5 e6 7.Qd2 a6 8.O-O-O h6
9.Bf4 Bd7 10.Nxc6 Bxc6 11.f3 d5 12.Qe1 Bb4 13.a3 Ba5 14.Bd2 Qe7 15.e5 Nd7
16.Kb1 Bb6 17.Be3 Bxe3 18.Qxe3 O-O 19.f4 b5 20.Ne2 b4 21.Nd4 Rfc8 22.a4 Bxa4
23.g4 Nc5 24.Bg2 b3 25.cxb3 Rab8 26.bxa4 Nxa4 27.Rc1 Rxb2+ 28.Ka1 Rxc1+ 29.Rxc1 Rxg2
30.Qb3 Nb6 31.Rc6 Nc4 32.Rc8+ Kh7 33.Qd3+ g6 34.f5 Qb7 35.fxg6+ fxg6  0-1

[Event "Anapa"]
[Site "Anapa"]
[Date "1991.??.??"]
[Round "?"]
[White "Varavin, Viktor"]
[Black "Poluljahov, Aleksandr"]
[Result "1/2-1/2"]
[WhiteElo "2455"]
[BlackElo "2380"]

1.e4 c5 2.Nf3 d6 3.d4 cxd4 4.Nxd4 Nf6 5.Nc3 Nc6 6.Bg5 e6 7.Qd2 a6 8.O-O-O h6
9.Be3 Nxd4 10.Bxd4 b5 11.Qe3 Bd7 12.f4 b4 13.Ne2 Be7 14.Bxf6 gxf6 15.g4 a5
16.Ng3 a4 17.Kb1 Qc7 18.f5 Rc8 19.Rd2 Qa5 20.Be2 a3 21.b3 Rc3 22.Rd3 Rxd3
23.cxd3 O-O 24.Qxh6 Qe5 25.Qd2 Qd4 26.Nh5 d5 27.e5 Qxe5 28.Rf1 Bb5 29.Ng3 Qd4
30.Rf4 Qg1+ 31.Rf1 Qd4 32.Rf4 Qg1+ 33.Rf1 Qd4  1/2-1/2

[Event "Anapa"]
[Site "Anapa"]
[Date "1991.??.??"]
[Round "?"]
[White "Savon, Vladimir A"]
[Black "Sherbakov, Ruslan"]
[Result "1-0"]
[WhiteElo "2460"]
[BlackElo "2525"]

1.e4 c5 2.Nf3 Nc6 3.d4 cxd4 4.Nxd4 Nf6 5.Nc3 d6 6.Bg5 e6 7.Qd2 a6 8.O-O-O Bd7
9.f4 b5 10.Bxf6 gxf6 11.Kb1 Qb6 12.Nce2 Na5 13.b3 Nb7 14.g3 Nc5 15.Bg2 Ra7
16.Qe3 Bg7 17.g4 h5 18.Ng3 hxg4 19.h3 gxh3 20.Rxh3 Rxh3 21.Bxh3 Ke7 22.Nh5 Bh6
23.Qf2 Qb8 24.e5 Ne4 25.exf6+ Kd8 26.Qe1 d5 27.Bg2 Qa8 28.Bxe4 dxe4 29.Ng7 Kc7
30.Qh4 Qh8 31.Qh5 Kc8 32.Rh1 Bxg7 33.Qc5+ Kb7 34.Rxh8 Bxh8 35.Qf8 Ra8 36.Qxf7 Kc7
37.Nxe6+ Kc6 38.Qe7 Rc8 39.f7  1-0

[Event "Anapa"]
[Site "Anapa"]
[Date "1991.??.??"]
[Round "?"]
[White "Rechel, Bernd"]
[Black "Ruban, Vadim"]
[Result "1/2-1/2"]
[WhiteElo "2370"]
[BlackElo "2575"]

1.e4 c5 2.Nf3 d6 3.d4 cxd4 4.Nxd4 Nf6 5.Nc3 Nc6 6.Bg5 e6 7.Qd2 a6 8.O-O-O h6
9.Bf4 Bd7 10.Nxc6 Bxc6 11.Bxd6 Bxd6 12.Qxd6 Qxd6 13.Rxd6 Bxe4 14.f3 Bc6 15.Be2 Ke7
16.Rhd1 Rad8 17.Rxd8 Rxd8 18.Rxd8 Kxd8  1/2-1/2

[Event "Andorra op"]
[Site "Andorra"]
[Date "1991.??.??"]
[Round "?"]
[White "Tejero, Jorge"]
[Black "Tukmakov, Vladimir B"]
[Result "0-1"]
[WhiteElo "2295"]
[BlackElo "2520"]

1.e4 c5 2.Nf3 Nc6 3.d4 cxd4 4.Nxd4 Nf6 5.Nc3 d6 6.Bg5 e6 7.Qd2 a6 8.O-O-O Bd7
9.f4 b5 10.Bxf6 gxf6 11.f5 Qb6 12.Nxc6 Bxc6 13.Bd3 b4 14.Ne2 e5 15.Ng3 h5
16.Kb1 h4 17.Nf1 Bh6 18.Qe2 Ke7 19.Bc4 Bb5 20.Nd2 Rhc8 21.Qh5 Bxc4 22.Qxh6 Bxa2+
23.Kxa2 Rh8 24.Nc4 Qc5 25.Qd2 Qxc4+ 26.b3 Qc6 27.Qxb4 Qxc2+ 28.Ka1 Qc6 29.Rc1 a5
30.Qd2 Qb6 31.Qd5 Rhc8 32.Rc4 Rxc4 33.Qxc4 Rg8 34.Qc2 Qc5 35.Qxc5 dxc5 36.Rg1 Rg4  0-1

[Event "JUG-Cup qual"]
[Site "Arandjelovac"]
[Date "1991.??.??"]
[Round "5"]
[White "Sorgic, Dragan"]
[Black "Martinovic, Slobodan"]
[Result "0-1"]
[WhiteElo "2285"]
[BlackElo "2430"]

1.e4 c5 2.Nf3 d6 3.d4 cxd4 4.Nxd4 Nf6 5.Nc3 Nc6 6.Bg5 e6 7.Qd3 a6 8.Be2 Be7
9.O-O O-O 10.Rad1 Qb6 11.Nb3 Qc7 12.Qg3 Kh8 13.Kh1 b5 14.a3 Bb7 15.Nc5 Bc8
16.Nb3 b4 17.axb4 Nxb4 18.Rd2 Bb7 19.Bf3 Rac8 20.Rfd1 Nc6 21.Be2 Rfd8 22.Ra1 Ne5
23.Rd4 Ra8 24.Rda4 h6 25.Be3 Bc6 26.Rb4 Rdb8 27.Rxb8+ Qxb8 28.f4 Ned7 29.e5 dxe5
30.fxe5 Nxe5 31.Rxa6 Rxa6 32.Bxa6 Bd6 33.Qe1 Bxg2+ 34.Kxg2 Qa8+ 35.Kh3 Qxa6
36.Nd4 Neg4 37.Bg1 Bb4 38.Qg3 Bxc3 39.bxc3 e5  0-1

[Event "JUG-Cup qual"]
[Site "Arandjelovac"]
[Date "1991.??.??"]
[Round "5"]
[White "Govedarica, Radovan"]
[Black "Todorovic, Jovan"]
[Result "1/2-1/2"]
[WhiteElo "2445"]
[BlackElo "2290"]

1.e4 c5 2.Nf3 d6 3.d4 cxd4 4.Nxd4 Nf6 5.Nc3 Nc6 6.Bg5 Bd7 7.Qd2 Rc8 8.O-O-O Nxd4
9.Qxd4 Qa5 10.Bd2 a6 11.f3 g6 12.Kb1 Bg7 13.Nd5 Qa4 14.Qxa4 Bxa4 15.Nc3 Bd7
16.Bd3 Be6 17.Rhe1 Bc4 18.Bg5 h6 19.Bh4 b5 20.Bxc4 Rxc4 21.Bxf6 Bxf6 22.Nd5 Bg7
23.c3 e6 24.Ne3 Rc6 25.Rd3 h5 26.a3 h4 27.Kc2 Kf8 28.f4 Bh6 29.Rf1 f5 30.exf5 gxf5
31.Kb3 Rg8 32.Rf2 Ke7 33.Nc2 Rc4 34.Nd4 Bg7 35.Re2 Bxd4 36.Rxd4 Rgc8 37.Red2 Rxd4
38.Rxd4 Rg8 39.Rd2 e5 40.c4 bxc4+ 41.Kxc4 Rc8+ 42.Kd3 e4+ 43.Kd4 Rc1 44.a4 a5
45.g4 hxg3 46.hxg3 Rg1 47.Rh2 Rxg3 48.Rh7+ Ke6 49.Rh6+ Kd7 50.Rf6 Rd3+ 51.Kc4 Kc6
52.b4 axb4 53.Kxb4 e3 54.Kc4 Ra3 55.Kb4 Ra1 56.Re6 Re1 57.Kc3 Kd5 58.Re8 Ra1
59.Kd3 Rxa4 60.Kxe3 Ra3+ 61.Ke2 Kd4 62.Re6 Ra6 63.Kf3 Kd5 64.Rf6 Ra3+ 65.Kf2 Ke4
66.Rxd6 Kxf4 67.Rd4+ Kg5 68.Rb4 f4 69.Rb8 Ra2+ 70.Kf3  1/2-1/2

[Event "ARG-ch"]
[Site "?"]
[Date "1991.??.??"]
[Round "9"]
[White "Servat, Roberto"]
[Black "Adla, Diego"]
[Result "1/2-1/2"]
[WhiteElo "2395"]
[BlackElo "2435"]

1.e4 c5 2.Nf3 Nc6 3.d4 cxd4 4.Nxd4 Nf6 5.Nc3 d6 6.Bg5 e6 7.Qd2 Be7 8.O-O-O O-O
9.f4 h6 10.Bxf6 Bxf6 11.Nb3 e5 12.g3 Bg4 13.Re1 Be6 14.Kb1 Nd4 15.Nxd4 exd4
16.Ne2 Re8 17.f5 Bd7 18.Nf4 Bc6 19.Bd3 d5 20.exd5 Rxe1+ 21.Rxe1 Bxd5 22.Nxd5  1/2-1/2

[Event "URS-chT"]
[Site "Azov"]
[Date "1991.??.??"]
[Round "?"]
[White "Glek, Igor V"]
[Black "Serper, Grigory"]
[Result "0-1"]
[WhiteElo "2530"]
[BlackElo "2490"]

1.e4 c5 2.Nf3 d6 3.d4 cxd4 4.Nxd4 Nf6 5.Nc3 Nc6 6.Bg5 e6 7.Qd2 a6 8.O-O-O h6
9.Bf4 Bd7 10.Nxc6 Bxc6 11.f3 d5 12.Qe1 Bb4 13.a3 Ba5 14.Bd2 b5 15.exd5 Nxd5
16.Bd3 Rc8 17.Kb1 O-O 18.Nxd5 Bxd2 19.Qxd2 Bxd5 20.f4 Qb6 21.f5 exf5 22.Bxf5 Rcd8
23.Bd3 a5 24.Rhf1 b4 25.Qf2 Qc6 26.axb4 axb4 27.b3 Qc3 28.Qd2 Ra8 29.Qxc3 bxc3
30.Bh7+ Kxh7 31.Rxd5 Ra3 32.Rd4 Rfa8 33.Ra4 R8xa4 34.bxa4 Kg6 35.Rf4 f5 36.h4 Kh5
37.g3 g6 38.Rb4 g5 39.hxg5 hxg5 40.Rc4 f4 41.gxf4 g4 42.f5 g3 43.Rc8 Rxa4
44.f6 Rf4 45.Rg8 Kh4 46.Rg6 Kh3 47.Ka2 g2 48.Kb3 Rf3 49.f7 Rxf7  0-1

[Event "URS-chT"]
[Site "Azov"]
[Date "1991.??.??"]
[Round "?"]
[White "Nikolenko, Oleg"]
[Black "Brodsky, Michail"]
[Result "1/2-1/2"]
[WhiteElo "2450"]
[BlackElo "2310"]

1.e4 c5 2.Nf3 d6 3.d4 cxd4 4.Nxd4 Nf6 5.Nc3 Nc6 6.Bg5 e6 7.Qd2 Be7 8.O-O-O O-O
9.Nb3 Qb6 10.f3 Rd8 11.Kb1 Qc7 12.Bf4 a6 13.g4 Ne5 14.Qf2 b5 15.h4 b4 16.Ne2 a5
17.g5 Nfd7 18.h5 a4 19.Nbd4 Nf8 20.Bc1 Bb7 21.Nf4 b3 22.axb3 axb3 23.Nxb3 Rdc8
24.Rh2 Bxg5 25.Rg2 Bf6 26.h6 g6 27.Be3 Qc6 28.Rd4 Ned7 29.Rb4 Bxb2 30.Rxb7 Qxb7
31.Kxb2 Qb4 32.Ba7 Qc3+ 33.Kb1 Rxa7 34.Qxa7 Qe1+ 35.Kb2 Qxf1 36.Qf2 Qb5 37.Nd3 Ne5
38.Nxe5 Qxe5+ 39.Qd4 Qxd4+ 40.Nxd4 Nd7 41.Rg1 Rb8+ 42.Kc3 Kf8 43.Ra1 e5 44.Ne2 Ke7
45.Kd2 Ke6 46.Nc3 Rb7 47.Ra8 f5 48.Re8+ Kf7 49.Rd8 Kf6 50.Nd5+ Kg5 51.exf5 Kxf5
52.Nc3 Kg5 53.Ne4+ Kxh6 54.Nxd6 Rc7 55.Re8 Nb6 56.Re6 Rd7 57.Ke1 Nd5 58.Ne4 Nb4
59.c3 Nd3+ 60.Kf1 Kg7 61.c4 Rc7 62.c5 Nxc5 63.Rxe5 Nd3 64.Ra5 h6 65.Ke2 Nf4+
66.Ke3  1/2-1/2

[Event "URS Spartakiada (Women)"]
[Site "Azov"]
[Date "1991.??.??"]
[Round "2"]
[White "Aslanian, Ludmila K"]
[Black "Prudnikova, Svetlana"]
[Result "1/2-1/2"]
[WhiteElo "2165"]
[BlackElo "2280"]

1.e4 c5 2.Nf3 Nc6 3.d4 cxd4 4.Nxd4 Nf6 5.Nc3 d6 6.Bg5 e6 7.Qd2 a6 8.O-O-O h6
9.Be3 Nxd4 10.Qxd4 Qc7 11.f4 Be7 12.Be2 b5 13.Bf3 Bb7 14.e5 dxe5 15.Qxe5 Qxe5
16.fxe5 Bxf3 17.gxf3 Nd7 18.f4 g5 19.Ne4 gxf4 20.Bxf4 Rg8 21.Nd6+ Bxd6 22.Rxd6 Rg4
23.Rf1 Ke7 24.h3 Rh4 25.Rf3 Rh5 26.Re3 a5 27.Rc6 Rg8 28.Rc7 Rg1+ 29.Kd2 Rh4
30.Rf3 Rh1 31.Rd3 Rxf4 32.Rcxd7+ Kf8 33.Rd8+ Kg7 34.Rg3+ Kh7 35.Rdg8 h5 36.R8g7+ Kh6
37.Rg8 Kh7  1/2-1/2

[Event "JUG-ch"]
[Site "Banja Vrucica"]
[Date "1991.??.??"]
[Round "?"]
[White "Maric, Dragan"]
[Black "Pavlovic, Dragoljub"]
[Result "1/2-1/2"]
[WhiteElo "2325"]
[BlackElo "2355"]

1.e4 c5 2.Nf3 Nc6 3.d4 cxd4 4.Nxd4 Nf6 5.Nc3 d6 6.Bg5 e6 7.Qd2 a6 8.O-O-O h6
9.Be3 Be7 10.f4 Bd7 11.Be2 Qc7 12.Nb3 Na5 13.Kb1 Bc6 14.Nxa5 Qxa5 15.Bf3 Qc7
16.Rhe1 O-O-O 17.Bd4  1/2-1/2